000 00254nam a22001217a 4500
008 180104b xxu||||| |||| 00| 0 eng d
041 _aeng
080 _a7
100 _a44
101 _aART
245 _aROMANTIC STYLE
_cWEIDENFELD,G
942 _2udc
_cBK
999 _c39677
_d39677